[Event "ZH-2022-0-02080"]
[Site "LSS email"]
[Date "2022.09.22"]
[Round "?"]
[White "Schild, Reinhard"]
[Black "Zholob, Anatolij"]
[Result "1/2-1/2"]
[WhiteElo "2111"]
[BlackElo "2162"]
[PlyCount "65"]
[EventDate "2022.09.01"]
[EventType "match (corr)"]
[EventRounds "2"]
[EventCountry "GER"]
[SourceTitle "Corr 2024"]
[Source "ChessBase"]
[SourceDate "2023.10.19"]
[SourceVersion "1"]
[SourceVersionDate "2023.10.19"]
[SourceQuality "1"]

1. d4 Nf6 2. c4 e6 3. Nc3 d5 4. f3 c5 5. e3 cxd4 6. exd4 Nc6 7. Be3 Bb4 8. c5 0-0 9. Bb5 e5 10. Nge2 exd4 11. Bxd4 Qe7 12. Bxc6 bxc6 13. 0-0 Bxc5 14. Re1 Nd7 15. Bxc5 Nxc5 16. Nf4 Qf6 17. Qd2 Ne6 18. Nce2 Nxf4 19. Nxf4 h6 20. Rac1 Bd7 21. Nd3 Rfe8 22. Nc5 Bf5 23. Nb3 a5 24. Nxa5 d4 25. b3 d3 26. Nc4 Qd4+ 27. Re3 c5 28. h3 f6 29. Kf1 Bg6 30. Rd1 Red8 31. Re7 Kf8 32. Re3 Rd7 33. Nb6 1/2-1/2

[Event "ZH-2022-0-02041"]
[Site "LSS email"]
[Date "2022.05.13"]
[Round "?"]
[White "Ozen, Bahadir"]
[Black "Schild, Reinhard"]
[Result "1/2-1/2"]
[WhiteElo "2222"]
[BlackElo "2100"]
[PlyCount "49"]
[EventDate "2022.05.13"]
[EventType "match (corr)"]
[EventRounds "2"]
[EventCountry "GER"]
[SourceTitle "Corr 2024"]
[Source "ChessBase"]
[SourceDate "2023.10.19"]
[SourceVersion "1"]
[SourceVersionDate "2023.10.19"]
[SourceQuality "1"]

1. Nf3 Nf6 2. d4 g6 3. c4 Bg7 4. e3 0-0 5. Be2 c5 6. dxc5 Na6 7. 0-0 Nxc5 8. b4 Nce4 9. Bb2 b6 10. Nc3 Nxc3 11. Bxc3 Bb7 12. Qb3 d6 13. Rfd1 Rc8 14. h3 h5 15. a4 Qd7 16. a5 Bxf3 17. Bxf3 Qe6 18. axb6 axb6 19. b5 Qxc4 20. Qxc4 Rxc4 21. Bd4 Rfc8 22. Bxb6 Nd7 23. Bd4 Bxd4 24. exd4 Nb6 25. Bc6 1/2-1/2

[Event "ZH-2022-0-02005"]
[Site "LSS email"]
[Date "2022.03.23"]
[Round "?"]
[White "Schild, Reinhard"]
[Black "Kazimierski, Tomasz"]
[Result "1/2-1/2"]
[WhiteElo "2097"]
[BlackElo "2219"]
[PlyCount "46"]
[EventDate "2022.03.22"]
[EventType "match (corr)"]
[EventRounds "2"]
[EventCountry "GER"]
[SourceTitle "Corr 2024"]
[Source "ChessBase"]
[SourceDate "2023.10.19"]
[SourceVersion "1"]
[SourceVersionDate "2023.10.19"]
[SourceQuality "1"]

1. Nf3 Nf6 2. g3 d5 3. c4 dxc4 4. Bg2 Nc6 5. Qa4 Bd7 6. Qxc4 e5 7. 0-0 Be7 8. d3 Be6 9. Qa4 Nd7 10. Nc3 0-0 11. Qd1 Nd4 12. Ne1 Qc8 13. e3 Nc6 14. d4 Bc4 15. Nd3 exd4 16. exd4 Nxd4 17. b3 Bxd3 18. Qxd3 Ne6 19. Nd5 Bc5 20. Bb2 Rd8 21. Rae1 c6 22. Rxe6 fxe6 23. Nf4 Nf8 1/2-1/2

[Event "OP-2021-0-05206"]
[Site "LSS email"]
[Date "2021.10.30"]
[Round "?"]
[White "Schild, Reinhard"]
[Black "Correa de Almeida, Claudio"]
[Result "1-0"]
[WhiteElo "2093"]
[BlackElo "1494"]
[PlyCount "87"]
[EventDate "2021.10.28"]
[EventType "tourn (corr)"]
[EventRounds "4"]
[EventCountry "GER"]
[SourceTitle "Corr 2024"]
[Source "ChessBase"]
[SourceDate "2023.10.19"]
[SourceVersion "1"]
[SourceVersionDate "2023.10.19"]
[SourceQuality "1"]

1. d4 Nf6 2. c4 e6 3. Nc3 Bb4 4. f3 d5 5. a3 Bxc3+ 6. bxc3 c5 7. cxd5 Nxd5 8. dxc5 Qa5 9. e4 Nf6 10. Be3 0-0 11. Qb3 Nfd7 12. a4 Qc7 13. Qa3 Nc6 14. a5 f5 15. Nh3 fxe4 16. fxe4 Nf6 17. Nf2 Bd7 18. Be2 Ne5 19. a6 Bc6 20. 0-0 Nxe4 21. Nxe4 Bxe4 22. Qb4 Bd5 23. Bf4 bxa6 24. Qd4 Rf5 25. Rae1 Rd8 26. Bg4 Rxf4 27. Rxf4 Ng6 28. Rf2 e5 29. Qe3 Bf7 30. Rd1 Rxd1+ 31. Bxd1 Be6 32. Bf3 Nf4 33. Rb2 Bc8 34. c6 Ne6 35. Bd5 a5 36. Rb7 Qd6 37. c4 h6 38. Rxa7 Qd8 39. Ra8 Kh7 40. h3 Nc7 41. Rxa5 Qd6 42. Be4+ Kg8 43. Rxe5 Qd1+ 44. Kh2 1-0

[Event "ZH-2021-0-01879"]
[Site "LSS email"]
[Date "2021.01.03"]
[Round "?"]
[White "Schild, Reinhard"]
[Black "Weglicki, Slawomir"]
[Result "1-0"]
[WhiteElo "2109"]
[BlackElo "2183"]
[PlyCount "39"]
[EventDate "2020.12.23"]
[EventType "match (corr)"]
[EventRounds "2"]
[EventCountry "GER"]
[SourceTitle "Corr 2022"]
[Source "ChessBase"]
[SourceDate "2021.10.24"]
[SourceVersion "1"]
[SourceVersionDate "2021.10.24"]
[SourceQuality "1"]

1. Nf3 d5 2. c4 d4 3. b4 c5 4. e3 Nf6 5. b5 Nbd7 6. exd4 cxd4 7. Nxd4 Nc5 8. Bb2 e5 9. Nc2 Bg4 10. f3 Bf5 11. Ne3 Bd3 12. Nc3 Bxf1 13. Kxf1 Nd3 14. Qc2 Nxb2 15. Qxb2 Bc5 16. Qc2 0-0 17. Re1 a6 18. g3 axb5 19. Nxb5 h5 20. Kg2 1-0

[Event "ZH-2020-0-01844"]
[Site "LSS email"]
[Date "2020.08.31"]
[Round "?"]
[White "Mateka, Petr"]
[Black "Schild, Reinhard"]
[Result "1/2-1/2"]
[WhiteElo "2307"]
[BlackElo "2083"]
[PlyCount "61"]
[EventDate "2020.06.14"]
[EventType "match (corr)"]
[EventRounds "2"]
[EventCountry "GER"]
[SourceTitle "Corr 2022"]
[Source "ChessBase"]
[SourceDate "2021.10.24"]
[SourceVersion "1"]
[SourceVersionDate "2021.10.24"]
[SourceQuality "1"]

1. e4 e5 2. Nf3 Nc6 3. Bb5 a6 4. Ba4 Nf6 5. 0-0 Be7 6. Re1 b5 7. Bb3 d6 8. c3 0-0 9. h3 Bb7 10. d4 Re8 11. Nbd2 Bf8 12. d5 Nb8 13. Nf1 Nbd7 14. Ng3 h6 15. Nh2 Nc5 16. Ng4 Nxb3 17. axb3 c6 18. Nxf6+ Qxf6 19. c4 g6 20. dxc6 Bxc6 21. Qd3 Reb8 22. Ne2 Qe7 23. Nc3 bxc4 24. bxc4 Rb3 25. Qc2 Qb7 26. Nd5 a5 27. Re3 a4 28. Rc3 Rc8 29. Rxb3 Qxb3 30. Qxb3 axb3 31. Nf6+ 1/2-1/2

[Event "ZH-2020-0-01843"]
[Site "LSS email"]
[Date "2020.08.25"]
[Round "?"]
[White "Cvak, Rudolf"]
[Black "Schild, Reinhard"]
[Result "1/2-1/2"]
[WhiteElo "2329"]
[BlackElo "2083"]
[PlyCount "57"]
[EventDate "2020.06.13"]
[EventType "match (corr)"]
[EventRounds "2"]
[EventCountry "GER"]
[SourceTitle "Corr 2022"]
[Source "ChessBase"]
[SourceDate "2021.10.24"]
[SourceVersion "1"]
[SourceVersionDate "2021.10.24"]
[SourceQuality "1"]

1. e4 e5 2. Nf3 Nc6 3. Bc4 Bc5 4. 0-0 Nf6 5. d3 d6 6. c3 h6 7. a4 a5 8. h3 0-0 9. Re1 Re8 10. Nbd2 Be6 11. Bb5 Bd7 12. Nf1 Ne7 13. Bxd7 Qxd7 14. Ng3 Ng6 15. d4 Bb6 16. Be3 exd4 17. Bxd4 Bxd4 18. cxd4 d5 19. e5 Nh7 20. Nh2 Ng5 21. Nh5 Ra6 22. Ra3 Nh4 23. Rg3 Rg6 24. Rg4 Nf5 25. Nf4 Rb6 26. Nf3 Nxf3+ 27. Qxf3 Nxd4 28. Qc3 Nf5 29. Qxa5 1/2-1/2

[Event "LSS SA-2020-0-00727"]
[Site "LSS email"]
[Date "2020.07.10"]
[Round "?"]
[White "Boni, Roberto"]
[Black "Schild, Reinhard"]
[Result "1/2-1/2"]
[WhiteElo "2170"]
[BlackElo "2061"]
[PlyCount "111"]
[EventDate "2020.05.29"]
[EventType "tourn (corr)"]
[EventRounds "6"]
[EventCountry "GER"]
[SourceTitle "Corr 2024"]
[Source "ChessBase"]
[SourceDate "2023.10.19"]
[SourceVersion "1"]
[SourceVersionDate "2023.10.19"]
[SourceQuality "1"]

1. e4 e5 2. Nf3 Nc6 3. Bb5 a6 4. Ba4 Nf6 5. 0-0 Be7 6. Re1 b5 7. Bb3 d6 8. c3 0-0 9. h3 Bb7 10. d4 Re8 11. Nbd2 Bf8 12. a4 h6 13. Bc2 exd4 14. cxd4 Nb4 15. Bb1 c5 16. d5 Nd7 17. Nf1 f5 18. exf5 Nxd5 19. Re6 N7f6 20. Ng3 Qd7 21. Nh4 Rxe6 22. fxe6 Qxe6 23. Bf5 Qe8 24. Bd2 Bc6 25. Qf1 Qf7 26. Re1 Nc7 27. Ba5 Nfd5 28. Qd3 Nf4 29. Qd2 g5 30. Bxc7 Qxc7 31. Ng6 Re8 32. Rxe8 Bxe8 33. Nxf4 gxf4 34. Qxf4 Qe7 35. Qg4+ Kh8 36. Be6 Qg7 37. Qf3 bxa4 38. Ba2 Bg6 39. Qa8 Qe7 40. Qxa6 Qe8 41. Bc4 h5 42. Bb5 Qe1+ 43. Nf1 Qe5 44. Qxa4 Qxb2 45. Qa8 Kg7 46. Bc4 Qe5 47. Qb7+ Qe7 48. Qb3 Qe4 49. Bd5 Qb1 50. Qa4 Qe1 51. Qa6 Qb1 52. Qc8 Qe1 53. Bc4 Qe8 54. Qb7+ Qe7 55. Qa6 Kh8 56. Qc8 1/2-1/2

[Event "LSS SA-2020-0-00727"]
[Site "LSS email"]
[Date "2020.07.10"]
[Round "?"]
[White "Schild, Reinhard"]
[Black "Pilgram, Kurt"]
[Result "1/2-1/2"]
[WhiteElo "2061"]
[BlackElo "2143"]
[PlyCount "84"]
[EventDate "2020.05.29"]
[EventType "tourn (corr)"]
[EventRounds "6"]
[EventCountry "GER"]
[SourceTitle "Corr 2024"]
[Source "ChessBase"]
[SourceDate "2023.10.19"]
[SourceVersion "1"]
[SourceVersionDate "2023.10.19"]
[SourceQuality "1"]

1. d4 Nf6 2. e3 g6 3. c3 Bg7 4. f4 c5 5. Nf3 0-0 6. Bd3 d6 7. 0-0 Qb6 8. Nbd2 d5 9. Ne5 Nc6 10. h3 Ne8 11. Kh2 Be6 12. Ndf3 c4 13. Bc2 f6 14. Ng4 Qc7 15. e4 dxe4 16. Bxe4 Rd8 17. Qe2 Bf7 18. Bd2 Nd6 19. Bc2 a6 20. Rae1 e6 21. g3 Ne7 22. Nf2 Rb8 23. Ne4 Nxe4 24. Bxe4 b5 25. a3 a5 26. Nh4 Qd6 27. Bg2 Nd5 28. Nf3 Rfd8 29. Rc1 h5 30. Kg1 Rd7 31. Rf2 Rc7 32. Nh4 b4 33. axb4 axb4 34. cxb4 Nxb4 35. Rxc4 Rxc4 36. Qxc4 Qb6 37. Re2 Bf8 38. Kh2 Kg7 39. Bxb4 Qxb4 40. Qc3 Qb5 41. Rc2 Bd6 42. Nf3 Qa4 1/2-1/2

[Event "ZH-2020-0-01835"]
[Site "LSS email"]
[Date "2020.05.24"]
[Round "?"]
[White "Schild, Reinhard"]
[Black "Susla, Vitaliy"]
[Result "1/2-1/2"]
[WhiteElo "2061"]
[BlackElo "2322"]
[PlyCount "110"]
[EventDate "2020.04.25"]
[EventType "match (corr)"]
[EventRounds "2"]
[EventCountry "GER"]
[SourceTitle "Corr 2022"]
[Source "ChessBase"]
[SourceDate "2021.10.24"]
[SourceVersion "1"]
[SourceVersionDate "2021.10.24"]
[SourceQuality "1"]

1. d4 Nf6 2. Nf3 d5 3. g3 c5 4. Bg2 cxd4 5. 0-0 h6 6. Bf4 e6 7. Nxd4 g5 8. Bxb8 Rxb8 9. c4 dxc4 10. Qa4+ Bd7 11. Qxc4 Qb6 12. Nb3 Rc8 13. Qd3 Be7 14. Nc3 0-0 15. Rfd1 a6 16. e3 Rfd8 17. Qe2 Bc6 18. Rxd8+ Qxd8 19. Rd1 Qc7 20. Nd4 Bxg2 21. Kxg2 Qb6 22. h3 Kg7 23. Rc1 Qd8 24. Qf3 Rc7 25. a3 Qc8 26. Rb1 Rc4 27. Ne4 Nd5 28. Rd1 Rc1 29. g4 Rxd1 30. Qxd1 Kg8 31. Qc2 Qxc2 32. Nxc2 Kf8 33. Kf3 b5 34. Ke2 Ke8 35. Nd4 Kd7 36. Kd3 Nb6 37. Kc3 Na4+ 38. Kc2 Bf8 39. Nf6+ Kc8 40. Ne4 Kc7 41. Nf6 Be7 42. Ne4 Bf8 43. Nf6 Nb6 44. Kc3 Nc4 45. Ne8+ Kb7 46. Nf6 Bg7 47. Ne4 Ne5 48. Nd6+ Kb6 49. Kc2 Bf8 50. Ne4 Be7 51. Kc3 Nc6 52. b4 Nxd4 53. Kxd4 a5 54. Kc3 Kb7 55. Kb3 a4+ 1/2-1/2

[Event "OP-2019-0-04850"]
[Site "LSS email"]
[Date "2019.09.29"]
[Round "?"]
[White "Schild, Reinhard"]
[Black "Celan, Melissa"]
[Result "1/2-1/2"]
[WhiteElo "2069"]
[BlackElo "2068"]
[PlyCount "68"]
[EventDate "2019.09.18"]
[EventType "tourn (corr)"]
[EventRounds "4"]
[EventCountry "GER"]
[SourceTitle "Corr 2022"]
[Source "ChessBase"]
[SourceDate "2021.10.24"]
[SourceVersion "1"]
[SourceVersionDate "2021.10.24"]
[SourceQuality "1"]

1. d4 e6 2. Nf3 c5 3. c3 Nc6 4. e3 Nf6 5. Bd3 b6 6. Qe2 d5 7. 0-0 Bb7 8. Nbd2 Qc7 9. e4 Be7 10. e5 Nd7 11. a3 g5 12. Qe3 0-0-0 13. b4 g4 14. Ng5 cxd4 15. cxd4 Ncxe5 16. dxe5 Bxg5 17. Qxg5 Qc3 18. Bb2 Qxb2 19. Rfe1 Kb8 20. Qe3 Qc3 21. Rad1 Qxa3 22. Qd4 Rc8 23. Bf1 h5 24. Nb1 Qa2 25. Rd2 Qa4 26. Nc3 Qc6 27. Nb5 Ba6 28. Nxa7 Kxa7 29. Ra1 Nb8 30. Rda2 Kb7 31. Rxa6 Nxa6 32. Bxa6+ Kb8 33. Bxc8 Rxc8 34. g3 Kb7 1/2-1/2

[Event "SB-2019-0-00565"]
[Site "LSS email"]
[Date "2019.02.15"]
[Round "?"]
[White "Schild, Reinhard"]
[Black "Habes, Jiri"]
[Result "1/2-1/2"]
[WhiteElo "2092"]
[BlackElo "1938"]
[PlyCount "71"]
[EventDate "2019.01.20"]
[EventType "tourn (corr)"]
[EventRounds "6"]
[EventCountry "GER"]
[SourceTitle "Corr 2022"]
[Source "ChessBase"]
[SourceDate "2021.10.24"]
[SourceVersion "1"]
[SourceVersionDate "2021.10.24"]
[SourceQuality "1"]

1. d4 d5 2. Nf3 Nf6 3. e3 e6 4. Bd3 c5 5. c3 Nbd7 6. Nbd2 c4 7. Bc2 b5 8. 0-0 Bb7 9. Re1 Be7 10. e4 dxe4 11. Nxe4 Nxe4 12. Bxe4 Bxe4 13. Rxe4 0-0 14. Qe2 Qc7 15. Bf4 Qb7 16. Be5 a5 17. Re1 a4 18. a3 Rad8 19. Rg4 Nxe5 20. Nxe5 Rd5 21. Re4 Bd6 22. f4 g6 23. h4 Kg7 24. Re3 Qe7 25. h5 Qh4 26. hxg6 hxg6 27. Rf1 Rh8 28. Rh3 Qd8 29. Rff3 Rxh3 30. Rxh3 Qf6 31. g3 Qf5 32. Kg2 Bc7 33. Rh1 Rd8 34. g4 Qxf4 35. Rf1 Bxe5 36. Rxf4 1/2-1/2

[Event "SB-2019-0-00565"]
[Site "LSS email"]
[Date "2019.02.15"]
[Round "?"]
[White "Van Bommel, Ton"]
[Black "Schild, Reinhard"]
[Result "1/2-1/2"]
[WhiteElo "2109"]
[BlackElo "2092"]
[PlyCount "75"]
[EventDate "2019.01.20"]
[EventType "tourn (corr)"]
[EventRounds "6"]
[EventCountry "GER"]
[SourceTitle "Corr 2022"]
[Source "ChessBase"]
[SourceDate "2021.10.24"]
[SourceVersion "1"]
[SourceVersionDate "2021.10.24"]
[SourceQuality "1"]

1. e4 c5 2. c3 Nf6 3. e5 Nd5 4. Nf3 e6 5. d4 cxd4 6. cxd4 d6 7. Bc4 Nc6 8. 0-0 Nb6 9. Bd3 Nb4 10. Be2 dxe5 11. Nxe5 Bd6 12. Nc3 0-0 13. Re1 f6 14. Nf3 Bd7 15. a3 N4d5 16. Ne4 Qe7 17. Bd3 Rac8 18. g3 a6 19. Qe2 Na4 20. Nxd6 Qxd6 21. Qe4 g6 22. h4 Rf7 23. Qe2 Re7 24. Bh6 Qb6 25. Be4 Bc6 26. Rac1 Rce8 27. Rc2 Qd8 28. h5 g5 29. Nxg5 fxg5 30. Bxg5 Nab6 31. h6 Qd6 32. Bxe7 Qxe7 33. Qh5 Rf8 34. Bh1 Rf6 35. Rce2 Qf7 36. Qg5+ Kf8 37. Bg2 Ke8 38. Bh3 1/2-1/2